000 01126nam a22003377a 4500
003 CHAP
005 20220329141029.0
008 971013s1996 r 00010 d
010 _a61535
011 _a62507
035 _a66681
040 _cCHAP
090 _aTesis
100 0 0 _aRamírez Gonzales, Francisco.
_994024
245 _aSistemas neumáticos y su enfoque a un dosificador de líquidos
260 _aChapingo, Méx. El autor,
_c1996
300 _a173 h.
_b: ilus.
502 _aTesis (Ing. Mecánico Agrícola) -- UACH. Departamento de Ingeniería Mecánica Agrícola
590 _aALEPH
_b10
_c20130110
_lUCH01
_h1343
590 _aBATCH-UPD
_b10
_c20130110
_lUCH01
_h0602
590 _aBATCH-UPD
_b10
_c20130410
_lUCH01
_h0243
590 _aBATCH-UPD
_b10
_c20130914
_lUCH01
_h1219
590 _aCONVERSION
_b10
_c20130109
_lUCH01
_h1333
650 1 4 _aDosificador.
_934040
650 1 4 _aNeumática.
_980940
700 0 _aRamírez Tinoco, Roberto.
_994299
901 _aBK
942 _cFOLL
949 _bBC
_cTES
_d-151904
_eTS1
_h30596
_i66681
_si
949 _bBC
_cTES
_d33724000624805
_eTS2
_fc.2
_h30597
_i66681
_si
999 _c61535
_d61535